Statistiques concernant Classement Premier League 2022-2023

Cliquez ici pour prendre le quiz!

Statistiques générales

  • Ce quiz a été pris 221 fois
  • Le résultat moyen est 15 sur 20

Statistiques - réponses

ClassementPointClub% Correct
189Manchester City
99%
375Manchester United
99%
284Arsenal
98%
567Liverpool
98%
860Tottenham
94%
1244Chelsea
92%
471Newcastle
90%
761Aston Villa
85%
1736Everton
79%
1834Leicester City
79%
662Brighton & Hove
Albion FC
78%
1440West Ham
75%
1341Wolverhampton Wanderers
67%
1931Leeds United
65%
2025Southampton
65%
1145Crystal Palace
64%
959Brentford FC
58%
1052Fulham FC
58%
1638Nottingham Forest
52%
1539Bournemouth
50%

Distribution des résultats

Percentile par nombre de réponses

% des personnes avec chaque résultat

Votre développement - résultats

Vous n’avez pas pris ce quiz